[Event "USA tt"]
[Site "ICC INT"]
[Date "2009.10.26"]
[Round "9"]
[White "Perelshteyn, Eugene"]
[Black "Lopez, Bruci"]
[Result "1-0"]
[WhiteElo "2534"]
[BlackElo "2414"]
[PlyCount "87"]
[EventDate "2009.08.31"]
[EventType "team (rapid)"]
[EventRounds "10"]
[EventCountry "USA"]
[SourceTitle "EXT 2010"]
[Source "ChessBase"]
[SourceDate "2010.11.25"]
[SourceVersion "1"]
[SourceVersionDate "2010.11.25"]
[SourceQuality "1"]

1. d4 Nf6 2. c4 g6 3. Nc3 Bg7 4. e4 d6 5. Nf3 0-0 6. Be2 e5 7. Be3 h6 8. d5 Ng4 9. Bd2 f5 10. h3 Nf6 11. exf5 gxf5 12. g3 Na6 13. Qc1 Kh7 14. Qc2 c6 15. Nh4 e4 16. 0-0 cxd5 17. Nxd5 Nxd5 18. cxd5 Nc7 19. Qb3 Be5 20. Rac1 b6 21. Bh5 Rf6 22. Bc3 Bxc3 23. Rxc3 Bb7 24. Rd1 Na6 25. Qc2 Qe7 26. Ng2 Qd7 27. Nf4 Rc8 28. a3 Rc7 29. b4 Qc8 30. Rc1 Rxc3 31. Qxc3 Qxc3 32. Rxc3 Rf8 33. Bg6+ Kg8 34. Ne6 Rf6 35. Bh5 Bxd5 36. Rc8+ Kh7 37. Nf4 Bf7 38. Rf8 Kg7 39. Ra8 Bc4 40. Rxa7+ Kg8 41. Ra8+ Rf8 42. Ra7 Rc8 43. Bg6 Rf8 44. Bh7+ 1-0

[Event "USA tt qf"]
[Site "ICC INT"]
[Date "2008.11.10"]
[Round "1"]
[White "Serper, Grigory"]
[Black "Lopez, Bruci"]
[Result "1-0"]
[WhiteElo "2522"]
[BlackElo "2414"]
[PlyCount "65"]
[EventDate "2008.11.10"]
[EventType "tourn"]
[EventRounds "1"]
[EventCountry "USA"]
[SourceTitle "EXT 2009"]
[Source "ChessBase"]
[SourceDate "2008.11.26"]
[SourceVersion "1"]
[SourceVersionDate "2008.11.26"]
[SourceQuality "1"]

1. c4 g6 2. g3 Bg7 3. Bg2 Nf6 4. e4 d6 5. Ne2 e5 6. Nbc3 Nc6 7. d3 0-0 8. 0-0 Nh5 9. Nd5 f5 10. exf5 Bxf5 11. h3 Be6 12. g4 Nf6 13. Bg5 Ne7 14. f4 c6 15. Nxe7+ Qxe7 16. f5 gxf5 17. gxf5 Bf7 18. Nc3 d5 19. cxd5 Qc5+ 20. Kh1 cxd5 21. Qf3 Rad8 22. Qg3 Qd6 23. Qh4 a6 24. Rg1 Kh8 25. Bf3 Rd7 26. Rg2 b5 27. Rag1 Ng8 28. a3 Rb7 29. Qg3 Nf6 30. d4 Nh5 31. Bxh5 Bxh5 32. f6 Rxf6 33. dxe5 1-0

[Event "Pan American-ch"]
[Site "Washington DC"]
[Date "2006.12.29"]
[Round "5"]
[White "Lopez, Bruci"]
[Black "Cai, Allan"]
[Result "1-0"]
[WhiteElo "2460"]
[BlackElo "2119"]
[PlyCount "55"]
[EventDate "2006.12.27"]
[EventType "swiss"]
[EventRounds "6"]
[EventCountry "USA"]
[SourceTitle "CBM 116 Extra"]
[Source "ChessBase"]
[SourceDate "2007.03.07"]
[SourceVersion "1"]
[SourceVersionDate "2007.03.07"]
[SourceQuality "1"]

1. e4 c5 2. Nf3 e6 3. d4 cxd4 4. Nxd4 a6 5. Bd3 Qc7 6. 0-0 Nf6 7. Qe2 d6 8. c4 Nbd7 9. b3 Be7 10. Bb2 0-0 11. Nc3 Nc5 12. Bc2 Re8 13. f4 e5 14. fxe5 dxe5 15. Nf5 Bf8 16. Nh6+ gxh6 17. Rxf6 Ne6 18. Nd5 Qc5+ 19. Kh1 Bg7 20. Rxf7 Nd4 21. Qh5 Bg4 22. Rxg7+ Kxg7 23. Qxg4+ Kh8 24. Qd1 Nxc2 25. Qxc2 Qd6 26. Qc3 Re6 27. c5 Qd8 28. Qg3 1-0

[Event "USA-ch"]
[Site "San Diego"]
[Date "2004.11.30"]
[Round "6"]
[White "Airapetian, Chouchanik"]
[Black "Lopez, Bruci"]
[Result "0-1"]
[WhiteElo "2149"]
[BlackElo "2403"]
[PlyCount "74"]
[EventDate "2004.11.24"]
[EventType "swiss"]
[EventRounds "9"]
[EventCountry "USA"]
[SourceTitle "CBM 105"]
[Source "ChessBase"]
[SourceDate "2005.04.11"]
[SourceVersion "1"]
[SourceVersionDate "2005.04.11"]
[SourceQuality "1"]

1. e4 e5 2. Nf3 Nc6 3. Bb5 f5 4. Nc3 Nf6 5. exf5 Bc5 6. 0-0 0-0 7. d3 d6 8. Ne4 Bb6 9. Be3 Bxf5 10. Ng3 Bd7 11. a4 Ng4 12. Qe2 Nxe3 13. fxe3 a6 14. Bc4+ Kh8 15. Kh1 Qe7 16. Ne4 Bg4 17. Rae1 Rad8 18. Neg5 d5 19. Bb3 h6 20. h3 Bc8 21. e4 hxg5 22. exd5 g4 23. dxc6 gxf3 24. Rxf3 g6 25. Ref1 Rxf3 26. Rxf3 bxc6 27. Rf7 Qg5 28. Qf1 Bc5 29. g3 Be7 30. Kh2 Bf5 31. h4 Qd2+ 32. Kh1 Bxh4 33. gxh4 Rd4 34. Rf8+ Kg7 35. Rg8+ Kh7 36. Qg2 Rxh4+ 37. Kg1 Qe1+ 0-1

[Event "USA-ch"]
[Site "San Diego"]
[Date "2004.11.28"]
[Round "4"]
[White "Lopez, Bruci"]
[Black "Kraai, Jesse"]
[Result "0-1"]
[WhiteElo "2403"]
[BlackElo "2425"]
[PlyCount "72"]
[EventDate "2004.11.24"]
[EventType "swiss"]
[EventRounds "9"]
[EventCountry "USA"]
[SourceTitle "CBM 105"]
[Source "ChessBase"]
[SourceDate "2005.04.11"]
[SourceVersion "1"]
[SourceVersionDate "2005.04.11"]
[SourceQuality "1"]

1. e4 e6 2. d4 d5 3. Nc3 Nf6 4. Bg5 dxe4 5. Nxe4 Be7 6. Bxf6 Bxf6 7. Nf3 Nd7 8. Qd2 0-0 9. 0-0-0 Be7 10. Bd3 b6 11. Neg5 Bxg5 12. Nxg5 Nf6 13. Qf4 Bb7 14. Rhe1 Qd6 15. Qh4 h6 16. Nf3 Bxf3 17. gxf3 Nd5 18. Re4 Qd8 19. Qg3 Qf6 20. Rg1 Kh8 21. c4 Nb4 22. Bb1 Nc6 23. Qg4 Rad8 24. Rd1 Rd6 25. Rf4 Qe7 26. d5 Ne5 27. Qg3 exd5 28. cxd5 Rfd8 29. Be4 Nc4 30. Bd3 Rxd5 31. Rxc4 Rxd3 32. Rg1 Qf6 33. Qxc7 Qxf3 34. Kb1 R3d7 35. Qe5 Qd3+ 36. Ka1 Qd1+ 0-1

[Event "USA-ch U18"]
[Site "Lindsborg"]
[Date "2004.07.25"]
[Round "9"]
[White "Hoekstra, Matthew"]
[Black "Lopez, Bruci"]
[Result "1-0"]
[WhiteElo "2358"]
[BlackElo "2400"]
[PlyCount "71"]
[EventDate "2004.07.20"]
[EventType "tourn"]
[EventRounds "9"]
[EventCountry "USA"]
[EventCategory "6"]
[SourceTitle "CBM 101 Extra"]
[Source "ChessBase"]
[SourceDate "2004.09.01"]
[SourceVersion "2"]
[SourceVersionDate "2004.09.01"]
[SourceQuality "1"]

1. d4 Nf6 2. c4 g6 3. Nc3 Bg7 4. e4 d6 5. g3 0-0 6. Bg2 Nc6 7. Nge2 e5 8. d5 Nd4 9. 0-0 c5 10. dxc6 bxc6 11. Nxd4 exd4 12. Qxd4 Ng4 13. Qd2 Be6 14. b3 Qa5 15. Bb2 Qh5 16. h3 Ne5 17. f4 Bxc4 18. Rf2 Nd3 19. bxc4 Nxb2 20. Qxb2 Bd4 21. Kh2 Rab8 22. Qd2 Bxf2 23. Qxf2 Qa5 24. Rc1 Rb4 25. Qd4 Rb2 26. Qd3 Rfb8 27. Rc2 Rxc2 28. Qxc2 Qc5 29. Bf1 Qd4 30. Nd1 a5 31. Kg2 a4 32. Qd3 Qc5 33. Be2 a3 34. h4 Qb4 35. Kf3 Qb3 36. axb3 1-0

[Event "USA-ch U18"]
[Site "Lindsborg"]
[Date "2004.07.24"]
[Round "7"]
[White "Fernandez, Daniel"]
[Black "Lopez, Bruci"]
[Result "1/2-1/2"]
[WhiteElo "2317"]
[BlackElo "2400"]
[PlyCount "121"]
[EventDate "2004.07.20"]
[EventType "tourn"]
[EventRounds "9"]
[EventCountry "USA"]
[EventCategory "6"]
[SourceTitle "CBM 101 Extra"]
[Source "ChessBase"]
[SourceDate "2004.09.01"]
[SourceVersion "2"]
[SourceVersionDate "2004.09.01"]
[SourceQuality "1"]

1. d4 Nf6 2. Bg5 Ne4 3. Bf4 c5 4. f3 Qa5+ 5. c3 Nf6 6. Nd2 cxd4 7. Nb3 Qb6 8. Qxd4 Nc6 9. Qxb6 axb6 10. Nd4 e5 11. Nxc6 exf4 12. Nd4 d5 13. g3 Bd6 14. Kf2 0-0 15. gxf4 Bxf4 16. e3 Bh6 17. Bb5 g6 18. h4 Bd7 19. Nh3 Rfe8 20. Ng5 Re5 21. Rhg1 Bxb5 22. Nxb5 Nh5 23. Nd6 Re7 24. Rge1 Rd8 25. Nb5 Re5 26. f4 Re7 27. Rad1 Bg7 28. Rd3 Nf6 29. Kf3 h6 30. Nh3 Ra8 31. a3 Ra5 32. Nd4 Nh5 33. Nf2 Bxd4 34. Rxd4 Ng7 35. Ng4 Nf5 36. Rxd5 h5 37. Rd8+ Kg7 38. Ne5 Nxh4+ 39. Kf2 Nf5 40. Nc4 Rc5 41. Nxb6 Rb5 42. Na4 Ra5 43. Nb6 Rb5 44. Na4 Ra5 45. b3 b5 46. Rd5 Rea7 47. Nb2 Rxa3 48. Rxb5 Ra2 49. Re2 Nd6 50. Rb4 f5 51. Na4 Ne4+ 52. Kf3 Ra1 53. Kg2 Rc1 54. Rc4 Rd7 55. Nc5 Nxc5 56. Rxc5 Rd3 57. Kf3 Rf1+ 58. Rf2 Re1 59. Re2 Rf1+ 60. Kg3 Rc1 61. Kf3 1/2-1/2

[Event "USA-ch U18"]
[Site "Lindsborg"]
[Date "2004.07.24"]
[Round "8"]
[White "Lopez, Bruci"]
[Black "Rensch, Daniel"]
[Result "1-0"]
[WhiteElo "2400"]
[BlackElo "2384"]
[PlyCount "44"]
[EventDate "2004.07.20"]
[EventType "tourn"]
[EventRounds "9"]
[EventCountry "USA"]
[EventCategory "6"]
[SourceTitle "CBM 101 Extra"]
[Source "ChessBase"]
[SourceDate "2004.09.01"]
[SourceVersion "2"]
[SourceVersionDate "2004.09.01"]
[SourceQuality "1"]

1. e4 c5 2. Nf3 d6 3. d4 cxd4 4. Nxd4 Nf6 5. Nc3 a6 6. Bc4 e6 7. Bb3 b5 8. 0-0 Be7 9. Qf3 Qc7 10. Re1 Nc6 11. Nxc6 Qxc6 12. Bg5 Bb7 13. Bxf6 gxf6 14. Bd5 exd5 15. exd5 Qd7 16. Qxf6 Rg8 17. Re3 Kd8 18. Qxf7 Rf8 19. Qg7 Rf5 20. Qh8+ Kc7 21. Nxb5+ Qxb5 22. Rxe7+ Kb6 1-0

[Event "Capablanca Memorial Mixto 36th"]
[Site "Havana"]
[Date "2001.05.16"]
[Round "10"]
[White "Lopez, Bruci"]
[Black "Collazo Hidalgo Gato, Niala"]
[Result "1-0"]
[WhiteElo "2397"]
[BlackElo "2182"]
[PlyCount "75"]
[EventDate "2001.05.05"]
[EventType "tourn"]
[EventRounds "13"]
[EventCountry "CUB"]
[EventCategory "1"]
[SourceTitle "CBM 082 Extra"]
[Source "ChessBase"]
[SourceDate "2001.07.03"]
[SourceVersion "1"]
[SourceVersionDate "2001.07.03"]
[SourceQuality "1"]

1. e4 c5 2. Nf3 e6 3. d4 cxd4 4. Nxd4 a6 5. Bd3 Nc6 6. Nxc6 bxc6 7. 0-0 e5 8. Qe2 Nf6 9. b3 Be7 10. Bb2 Qc7 11. Nd2 0-0 12. Nc4 d6 13. f4 exf4 14. e5 dxe5 15. Bxe5 Qa7+ 16. Kh1 Bg4 17. Qe1 Nd5 18. Bxf4 Nxf4 19. Rxf4 Be6 20. Qe4 g6 21. Qxc6 Bg5 22. Rff1 Rad8 23. Ne5 Bd5 24. Qxa6 Qd4 25. Rae1 Qh4 26. Qa4 Qxa4 27. bxa4 Bxa2 28. a5 Bd2 29. Re2 Bc3 30. a6 Bd5 31. Nc4 Bd4 32. Na3 f5 33. Nb5 Bb6 34. Nc3 Ba8 35. Re6 Ba5 36. Ne2 Bd5 37. Re5 Bd2 38. Rd1 1-0

[Event "Capablanca Memorial Mixto 36th"]
[Site "Havana"]
[Date "2001.05.08"]
[Round "4"]
[White "Marrero Lopez, Yaniet"]
[Black "Lopez, Bruci"]
[Result "0-1"]
[WhiteElo "2208"]
[BlackElo "2397"]
[PlyCount "82"]
[EventDate "2001.05.05"]
[EventType "tourn"]
[EventRounds "13"]
[EventCountry "CUB"]
[EventCategory "1"]
[SourceTitle "CBM 082 Extra"]
[Source "ChessBase"]
[SourceDate "2001.07.03"]
[SourceVersion "1"]
[SourceVersionDate "2001.07.03"]
[SourceQuality "1"]

1. e4 e5 2. Nf3 Nc6 3. Bb5 a6 4. Ba4 Nf6 5. 0-0 b5 6. Bb3 Bb7 7. d3 Bd6 8. Bd2 0-0 9. a3 Ne7 10. c4 bxc4 11. Bxc4 Ng6 12. Nc3 c5 13. Bg5 h6 14. Bxf6 Qxf6 15. Bd5 Rab8 16. Bxb7 Rxb7 17. Nd5 Qe6 18. Qc2 Nf4 19. Ne3 Rfb8 20. Rab1 Qb3 21. Qc4 Bc7 22. Qxa6 Qxd3 23. Qxd3 Nxd3 24. Rfd1 Rb3 25. Kf1 d6 26. Nd5 Bd8 27. Nd2 Rxb2 28. Rxb2 Rxb2 29. Nc4 Rxf2+ 30. Kg1 Rc2 31. Nce3 Nb2 32. Rb1 Re2 33. Kf1 Rd2 34. Nf5 c4 35. Nxd6 Ba5 36. Nb5 Nd3 37. a4 Ra2 38. Nd6 c3 39. Rb8+ Kh7 40. Rc8 c2 41. Nb7 Bd2 0-1

[Event "Basarrate Memorial-B"]
[Site "Havana"]
[Date "1999.??.??"]
[Round "?"]
[White "Becquer Valdes, Alain"]
[Black "Lopez, Bruci"]
[Result "1-0"]
[WhiteElo "2177"]
[BlackElo "2202"]
[PlyCount "59"]
[EventDate "1999.??.??"]
[EventType "tourn"]
[EventRounds "18"]
[EventCountry "CUB"]
[SourceTitle "EXT 2000"]
[Source "ChessBase"]
[SourceDate "1999.11.16"]
[SourceVersion "1"]
[SourceVersionDate "1999.11.16"]
[SourceQuality "1"]

1. e4 e5 2. Nf3 Nc6 3. Bb5 d6 4. c3 Bd7 5. d4 Nge7 6. Be3 g6 7. dxe5 dxe5 8. 0-0 Bg7 9. Qe2 0-0 10. Nbd2 b6 11. b4 Nc8 12. Bc4 N6e7 13. Rfd1 Nd6 14. Bb3 Qe8 15. c4 Bc6 16. Bg5 h6 17. Bxe7 Qxe7 18. Rac1 Nb7 19. c5 bxc5 20. Qa6 Qe8 21. b5 Bxb5 22. Qxb7 c6 23. Nc4 Rb8 24. Qxa7 Qc8 25. Qxc5 Qg4 26. Ncxe5 Qxe4 27. Rd7 Be2 28. Qe7 Bxf3 29. Bxf7+ Kh8 30. Nxg6+ 1-0

[Event "Basarrate Memorial-B"]
[Site "Havana"]
[Date "1999.??.??"]
[Round "?"]
[White "Lopez, Bruci"]
[Black "Pulido Alvarez, Ariel"]
[Result "0-1"]
[WhiteElo "2202"]
[BlackElo "2205"]
[PlyCount "48"]
[EventDate "1999.??.??"]
[EventType "tourn"]
[EventRounds "18"]
[EventCountry "CUB"]
[SourceTitle "EXT 2000"]
[Source "ChessBase"]
[SourceDate "1999.11.16"]
[SourceVersion "1"]
[SourceVersionDate "1999.11.16"]
[SourceQuality "1"]

1. e4 c5 2. Nf3 d6 3. d4 cxd4 4. Nxd4 Nf6 5. Nc3 a6 6. Bc4 e6 7. Bb3 b5 8. 0-0 Be7 9. Qf3 Qc7 10. Qg3 Nc6 11. Nxc6 Qxc6 12. Re1 Bb7 13. a3 Rg8 14. f4 0-0-0 15. Be3 d5 16. exd5 exd5 17. Bd4 Bc5 18. Rad1 Bxd4+ 19. Rxd4 Qc5 20. Qf2 Rge8 21. Re5 Ng4 22. Rc4 Qxc4 23. Rxe8 Rxe8 24. Bxc4 Nxf2 0-1

[Event "Havana Provincial sf"]
[Site "Havana"]
[Date "1999.??.??"]
[Round "?"]
[White "Poyato, Antonio"]
[Black "Lopez, Bruci"]
[Result "1-0"]
[WhiteElo "2208"]
[BlackElo "2246"]
[PlyCount "77"]
[EventDate "1999.??.??"]
[EventType "swiss"]
[EventRounds "9"]
[EventCountry "CUB"]
[SourceTitle "EXT 2001"]
[Source "ChessBase"]
[SourceDate "2000.11.22"]
[SourceVersion "1"]
[SourceVersionDate "2000.11.22"]
[SourceQuality "1"]

1. Nf3 Nf6 2. c4 g6 3. g3 Bg7 4. Bg2 0-0 5. 0-0 d6 6. d4 a6 7. Nc3 Nc6 8. Re1 Rb8 9. Rb1 Bf5 10. e4 Bg4 11. h3 Bxf3 12. Bxf3 Nd7 13. Be3 e5 14. d5 Nd4 15. Bg2 c5 16. dxc6 bxc6 17. h4 Nc5 18. b3 Nce6 19. h5 f5 20. hxg6 hxg6 21. exf5 gxf5 22. Ne2 Nxe2+ 23. Qxe2 f4 24. Qg4 Rf6 25. gxf4 Nxf4 26. Bxf4 Rxf4 27. Qe6+ Kh8 28. Re3 Qg5 29. Rg3 Qf6 30. Rh3+ Rh4 31. Qg4 Rxh3 32. Qxh3+ Kg8 33. Rd1 Rf8 34. Bxc6 Qxf2+ 35. Kh1 Rf6 36. Bd5+ Kf8 37. Qc8+ Ke7 38. Qc7+ Ke8 39. Bc6+ 1-0